La ideología del universalismo /
Se repasan las visiones enfrentadas de la universalidad, desde el sentido común kantiano hasta la doctrina de los derechos humanos. Se plantea la interrogante de si puede emerger una constelación de singularidades en el seno de la estandarización prevista por la producción globalizada.
Gespeichert in:
| 1. Verfasser: | |
|---|---|
| Format: | Text |
| Schlagworte: | |
| Tags: |
Tag hinzufügen
Keine Tags, Fügen Sie den ersten Tag hinzu!
|
MARC
| LEADER | 00000 a a2200000 04500 | ||
|---|---|---|---|
| 001 | 41461 | ||
| 003 | |||
| 040 | |||
| 100 | |a Jonsson, Stefan | ||
| 245 | |a La ideología del universalismo / |c Stefan Jonsson | ||
| 520 | |a Se repasan las visiones enfrentadas de la universalidad, desde el sentido común kantiano hasta la doctrina de los derechos humanos. Se plantea la interrogante de si puede emerger una constelación de singularidades en el seno de la estandarización prevista por la producción globalizada. | ||
| 590 | |a EFU/NOVIEMBRE2011 | ||
| 650 | |a 1.FILOSOFIA | ||
| 650 | |a 2.ETICA | ||
| 650 | |a 3.TEORIA | ||
| 650 | |a 4.HUMANISMO | ||
| 650 | |a 5.DISCURSOS | ||
| 773 | |g número63 ( , 2010), páginas 111-122 | ||
| 999 | |c 29453 |d 29453 | ||
